000
00243nam a22000977a 4500
082
_a
823
_b
LAL/G
100
_a
LAL, ANUPA
245
_a
THE GOLDEN WORLD OF STORIES
246
_a
THE GOLDEN WORLD OF STORIES
_b
THE GOLDEN WORLD OF STORIES
942
_c
BK
999
_c
8370
_d
8370